000
00284nam a2200097Ia 4500
005
20251222114401.0
008
251222s1900||||xx |||||||||||||| ||spa||
082
_a
DVD0040/S75/2012/BR
245
0
_a
Las Aventuras de Tin Tin:The Adventures of tintin: The secret of the unicorn
942
_c
DVD
999
_c
1629
_d
1629